Economic analysis and public policy : (Record no. 46197)
[ view plain ]
| 000 -LEADER | |
|---|---|
| fixed length control field | 01114nam a2200337 a 4500 |
| 001 - CONTROL NUMBER | |
| control field | 46197 |
| 003 - CONTROL NUMBER IDENTIFIER | |
| rucl marc code | BD-RjUL |
| 005 - DATE AND TIME OF LATEST TRANSACTION | |
| control field | 20211209054124.0 |
| 008 - FIXED-LENGTH DATA ELEMENTS--GENERAL INFORMATION | |
| fixed length control field | 010816s19431945nyua b 000 0 engd |
| 035 ## - SYSTEM CONTROL NUMBER | |
| System control number | (OCoLC)634377 |
| System control number | (OCoLC)ocm00634377 |
| System control number | (BD-RjUL)46315 |
| System control number | (NNC)2513263 |
| 040 ## - CATALOGING SOURCE | |
| Modifying agency | UPvMLC |
| Original cataloging agency | BD-RjUL |
| Language of cataloging | eng |
| Transcribing agency | BD-RjUL |
| 041 ## - LANGUAGE CODE | |
| Language code of text/sound track or separate title | eng |
| 082 ## - DEWEY DECIMAL CLASSIFICATION NUMBER | |
| Classification number | 330.1 |
| Author mark and year | BOE 1945 |
| 090 ## - LOCALLY ASSIGNED LC-TYPE CALL NUMBER (OCLC); LOCAL CALL NUMBER (OCLC) | |
| Classification number (OCLC) (R) ; Classification number, CALL (RLIN) (NR) | HB171.5 |
| Local cutter number (OCLC) ; Book number/undivided call number, CALL (RLIN) | .B694 |
| 100 1# - MAIN ENTRY--PERSONAL NAME | |
| Personal name | Bowman, Mary Jean |
| 9 (RLIN) | 140995 |
| 245 10 - TITLE STATEMENT | |
| Title | Economic analysis and public policy : |
| Remainder of title | an introduction / |
| Statement of responsibility, etc. | by Mary Jean Bowman ... and George Leland Bach. |
| 260 ## - PUBLICATION, DISTRIBUTION, ETC. (IMPRINT) | |
| Place of publication, distribution, etc. | New York : |
| Name of publisher, distributor, etc. | Prentice-Hall, Inc., |
| Date of publication, distribution, etc. | 1943 [Printing 1945] |
| 300 ## - PHYSICAL DESCRIPTION | |
| Pagination | xix, 935 p. : |
| Illustrations | tables, ill. ; |
| Size | 24 cm. |
| 490 1# - SERIES STATEMENT | |
| Series statement | Prentice-Hall economics series |
| 500 ## - GENERAL NOTE | |
| General note | Issued with various printing dates. |
| 504 ## - BIBLIOGRAPHY, ETC. NOTE | |
| Bibliography, etc | Bibliographical foot-notes. |
| 650 #0 - SUBJECT ADDED ENTRY--TOPICAL TERM | |
| Topical term or geographic name as entry element | Economics. |
| 9 (RLIN) | 141140 |
| Topical term or geographic name as entry element | Economic policy. |
| 9 (RLIN) | 141141 |
| 700 1# - ADDED ENTRY--PERSONAL NAME | |
| Personal name | Bach, George Leland, |
| Dates associated with a name | 1915-1994, |
| Relator term | author. |
| 830 #0 - SERIES ADDED ENTRY--UNIFORM TITLE | |
| Uniform title | Prentice-Hall economics series. |
| 942 ## - ADDED ENTRY ELEMENTS (KOHA) | |
| Source of classification or shelving scheme | Dewey Decimal Classification |
| Koha item type | Books |
| Lost status | Source of classification or shelving scheme | Damaged status | Not for loan | Collection code | Permanent Location | Current Location | Shelving location | Date acquired | Source of acquisition | Total Checkouts | Full call number | Date last seen | Copy number | Koha item type |
|---|---|---|---|---|---|---|---|---|---|---|---|---|---|---|
| Dewey Decimal Classification | Non-fiction | Central Library, University of Rajshahi | Central Library, University of Rajshahi | 16/08/1965 | N/A | 330.1 BOE 1945 | 01/08/2016 | C-2 | Books |